Harry Potter: indovina il personaggio - Statistics

Statistiche generali
  • Questo quiz è stato fatto 3.542 volte
    1.452 dall'ultimo reset
  • Il punteggio medio è 17 su 34
Statistiche sulle risposte
Descrizione Personaggio % Corretto
È il principe Mezzosangue Severus Piton
85%
È considerata la strega più brillante della sua età Hermione Granger
82%
"Mio padre lo verrà a sapere" è una sua esclamazione tipica Draco Malfoy
81%
Al primo anno riceve una ricordella Neville Paciock
80%
È l'horcrux che Voldemort non ha mai voluto creare Harry Potter
79%
Nel suo ufficio è presente un pensatoio Albus Silente
76%
Si amputa una mano per il suo padrone Codaliscia
76%
Rappresenta Hogwarts al Torneo Tre Maghi Cedric Diggory
75%
É colui che distrugge il medaglione di Serpeverde Ron Weasley
66%
Il suo soprannome era Ramoso James Potter
63%
Ha l'abbigliamento più eccentrico di Hogwarts Luna Lovegood
62%
La luna piena è il suo molliccio Remus Lupin
61%
Mente a Lord Voldemort riguardo la morte di Harry Narcissa Black
58%
Porta il cappello parlante ad Harry nella camera dei segreti Fanny
55%
Apre la Camera dei Segreti al secondo anno Ginny Weasley
53%
Spiega per primo ad Harry le regole del Quidditch Oliver Baston
52%
Ha servito i Malfoy fino a quando non è stato liberato da Harry Dobby
49%
È solito organizzare cene con gli studenti più brillanti e influenti di Hogwarts Horace Lumacorno
46%
Barty Crouch Jr ne prende, illegalmente, le sembianze Alastor Moody
41%
È colei che insieme ad Albus Silente accompagna Harry neonato dai Dursely Minerva McGranitt
41%
Aprono un negozio a Diagon Alley grazie all'aiuto di Harry Fred e George Weasley
40%
Si unisce all'esercito di Silente insieme all'amica Marietta Cho Chang
39%
Regala ad Harry la scopa Firebolt Sirius Black
39%
I frammenti della sua bacchetta sono nascosti all'interno di un ombrellino rosa Rubeus Hagrid
38%
È un animagus non-registrato nella forma di scarabeo Rita Skeeter
36%
Suo padre era un babbano che venne stregato tramite un filtro d'amore Voldemort
34%
Fonda la squadra di Inquisizione per far rispettare tutte le nuove regole imposte Dolores Umbridge
32%
È una metamorfomagus Nymphadora Tonks
31%
Accompagna Hermione al Ballo del Ceppo Viktor Krum
25%
È il commentatore ufficiale delle partite di Quidditch ad Hogwarts Lee Jordan
22%
Creatura magica che sostituisce Sibilla Cooman come insegnante di divinazione Fiorenzo
18%
È il fratellastro di Hagrid Grop
16%
È il barista del pub "La Testa di Porco" Aberforth Silente
12%
È il giardiniere di casa Riddle Frank Bryce
8%
Nessun quiz corrispondente trovato
Distribuzione punteggi
Percentuale di utenti per punteggio
Percentile per numero di risposta
I tuoi punteggi nel tempo
Non hai fatto questo quiz dall'ultimo reset